План мероприятий по НКИД СССР в связи с подготовкой к Ялтинской конференции лидеров трех союзных держав

RUSMARC
00004914cam0a2200301#x 450
001d77bb424-f423-4d93-aa7c-acb93664a372
00520250113151336.0
100##$a20250113j19450113k###0rusy50 ca
1010#$arus
102##$aRU
1220#$ad19450113##
2001#$aПлан мероприятий по НКИД СССР в связи с подготовкой к Ялтинской конференции лидеров трех союзных держав
$jНе позднее 13 января 1945 г.
251##$cДокумент
300##$aПодлинник. Резолюция В. М. Молотова графитным карандашом: "Согласен (с доб[авлениями]). В. Молотов"
461#0$12001
$aФ. 06
$1251
$cФонд
$1852
$j06
462#0$12001
$aОп. 7а. П. 57
$1251
$cОпись
$1852
$j7а. П. 57
462#0$12001
$aД. 1
$vЛ. 1
$1251
$cДело
$1852
$j1
600#1$2prlib_sh
$3LIBNET\UAF\0000091212
$aМолотов
$bВ. М.
$gВячеслав Михайлович
$f1890-1986
$xАвтографы
$jДокументы и материалы
60112$2rlib_sh
$3LIBNET\UAF\0000115083
$aКрымская конференция руководителей трех союзных держав - СССР, США и Великобритании
$f1945
$eЯлта, город; Крым
$xПодготовка
$jДокументы и материалы
605##$2prlib_sh
$3LIBNET\UAF\0000088514
$aВторая мировая война в архивных документах (Комплекс оцифрованных архивных документов, кино- и фотоматериалов)
$lколлекция
605##$2acquisition_Prlib
$3DITM\AF\0000002775
$aВласть
$lколлекция
686##$a63.3(2)622,13ю1
$vLBC/M
$2rubbk
686##$a63.3(2)622-6ю1
$vLBC/M
$2rubbk
801#0$aRU
$bПБ им. Б.Н. Ельцина
$c20250113
801#1$aRU
$bПБ им. Б.Н. Ельцина
$c20250113
$2rusmarc
801#2$aRU
$bПБ им. Б.Н. Ельцина
$c20250113
$2rusmarc
850##$aАрхив внешней политики Российской Федерации
852##$aАВП РФ
$jЛ. 1
035##$aLIBNET\0001448038
937##$d195742031
$hФедеральное архивное агентство
8564#$uhttp://readingroom.main.prlib.ru/item.aspx?id_node=n195742031&mode=full
Формат отображения